| 000 | 00507nam a2200169 i 4500 | ||
|---|---|---|---|
| 001 | 78489 | ||
| 003 | ES-MaACL | ||
| 005 | 20230906173722.0 | ||
| 007 | t| | ||
| 008 | 041014s1917 xxk ||||1| eng d | ||
| 100 | 1 |
_aHaig, A. E. _961483 |
|
| 245 | 1 | 4 |
_aThe Attic Theatre / _cA. E. Haig ; edition revised and in part re-written by A. W. Pickard. |
| 260 |
_aOxford : _bThe Clarendon Press, _c1917. |
||
| 300 |
_aXVI, 396 p. : _bil. ; _c23 cm. |
||
| 700 | 1 |
_aPickard, A. W. _991850 |
|
| 852 |
_aES-MaACL _jF-180 |
||
| 999 |
_c78489 _d78489 |
||